Sociologa̕ Binaria Anl̀isis de las redes sociales desde un enfoque Social y Jurd̕ico /

Bibliographic Details
Main Author: Vz̀quez Azuara, Carlos Antonio
Format: eBook
Language:Spanish
Published: Veracruz: Universidad de Xalapa, 2013
Subjects:
Online Access:Acceso restringido

MARC

LEADER 00000nam a22000007a 4500
005 2018040202432.0
007 cr|||| ||||
008 180402s2013 mx |||||s|||| 00||0 spa d
020 |a 978-607-9066-03-1 
035 |a 21193 
040 |a vLex 
090 |c 7636  |d 7636 
100 1 |a Vz̀quez Azuara, Carlos Antonio 
245 1 0 |a Sociologa̕ Binaria  |h [Recurso electrn̤ico] :  |b Anl̀isis de las redes sociales desde un enfoque Social y Jurd̕ico /  |c Carlos Antonio Vz̀quez Azuara 
256 |a Servicio en ln̕ea 
260 |a Veracruz:  |b Universidad de Xalapa,  |c 2013 
300 |a 1 recurso electrn̤ico (144 p.) 
506 1 |a Disponible solo en los productos indicados  |d vLex Global  |d vLex Global (Academic Edition, excluding Law Schools)  |d vLex Global (U.S. Academic Edition, Law Schools)  |d vLex Global (U.S. Academic Edition, excluding Law Schools)  |d vLex Global (Academic Edition, Law Schools) 
650 0 4 |a Derecho de las Nuevas Tecnologa̕s  |z Mx̌ico 
650 0 4 |a Ciencias sociales  |z Mx̌ico 
740 0 |a vLex Libros (Servicio en ln̕ea) 
856 4 0 |u http://vlex.com/source/sociologia-binaria-analisis-redes-sociales-enfoque-social-juridico-21193  |z Acceso restringido 
942 |c BOOK 
999 0 |a Right of New Technologies 
999 0 |a Social Sciences